| 000 | 00513nam a2200217Ia 4500 | ||
|---|---|---|---|
| 003 | 0100 | ||
| 008 | 130227s9999 xx 000 0 und d | ||
| 020 | _a0710088833 | ||
| 040 | _cARRUPELIB | ||
| 050 | _aBJ1461.H58 1978 | ||
| 245 | _aEssays on freedom of action | ||
| 260 | _aLondon | ||
| 260 | _bRoutledge & Kegan Paul | ||
| 260 | _C1978 | ||
| 300 | _aviii | ||
| 300 | _b 215p 21cm | ||
| 650 | _bSocial epistemology | ||
| 650 | _cPhilosophy of mind | ||
| 700 | _aHonderich, Ted (ed) | ||
| 942 |
_2lcc _01 |
||
| 999 |
_c540 _d540 |
||